00491nam a22001577a 450000500170000000800410001702000310005804100120008908200140010110000310011524500660014625000180021226000670023030000110029765000250030820231113114245.0231113b |||||||| |||| 00| 0 eng d a9780702119620 ; 0702119628 aEnglish a345.5 COM aDu Toit, E et al.lEnglish aCommentary on the Criminal Procedure Act /cE Du Toit et al.  aFirst Edition aCape Town : bCommentary on the Criminal Procedure Act, c1987 c26 cm. aLegal Practice bLaw